| 000 | 00942cam a22003137a 4500 | ||
|---|---|---|---|
| 003 | CHAP | ||
| 005 | 20220329134410.0 | ||
| 008 | 971013s1953 r 00010 d | ||
| 010 | _a19962 | ||
| 011 | _a20934 | ||
| 035 | _a25023 | ||
| 040 | _cCHAP | ||
| 082 |
_a694 _bA53 |
||
| 100 | 0 | 0 |
_aAnguera Cama, Enrique. _95813 |
| 245 | 1 | 3 | _aLa madera |
| 260 |
_aBarcelona : _bLópez Robert, _c1953 |
||
| 300 |
_a365 p. _b: ilus |
||
| 590 |
_aBATCH-UPD _b10 _c20130110 _lUCH01 _h0241 |
||
| 590 |
_aBATCH-UPD _b10 _c20130110 _lUCH01 _h2158 |
||
| 590 |
_aBATCH-UPD _b10 _c20130409 _lUCH01 _h2308 |
||
| 590 |
_aBATCH-UPD _b10 _c20130410 _lUCH01 _h1506 |
||
| 590 |
_aBATCH-UPD _b10 _c20130914 _lUCH01 _h0851 |
||
| 590 |
_aCONVERSION _b10 _c20130109 _lUCH01 _h1312 |
||
| 650 | 1 | 4 |
_aCarpintería. _919288 |
| 700 | 0 |
_aTarragó Barceló, Enrique. _9111712 |
|
| 901 | _aBK | ||
| 942 | _cLIBRO | ||
| 949 |
_a694 A53 _bBC _cLIBRO _d33724000108627 _eLIBRO _h12390 _i25023 _si |
||
| 999 |
_c19962 _d19962 |
||